| 000 -LEADER |
| fixed length control field |
00795nam a2200241Ia 4500 |
| 001 - CONTROL NUMBER |
| control field |
2972 |
| 003 - CONTROL NUMBER IDENTIFIER |
| control field |
GE_BSU |
| 008 - FIXED-LENGTH DATA ELEMENTS--GENERAL INFORMATION |
| fixed length control field |
181216s||||||||xx |||||||||||||| ||und|| |
| 020 ## - INTERNATIONAL STANDARD BOOK NUMBER |
| International Standard Book Number |
5279017655 |
| 040 ## - CATALOGING SOURCE |
| Transcribing agency |
GE_BSU |
| 080 ## - UNIVERSAL DECIMAL CLASSIFICATION NUMBER |
| Universal Decimal Classification number |
331(075.8)+339.1 |
| 100 ## - MAIN ENTRY--PERSONAL NAME |
| Personal name |
И. К. Беляевский, Г.Д. Кулагина, А. В. Короеков. и др. |
| 245 ## - TITLE STATEMENT |
| Title |
статистика рынка товаров и услуг: Учебник. |
| 245 ## - TITLE STATEMENT |
| Statement of responsibility, etc. |
Под. ред. И.К.Беляевского |
| 260 ## - PUBLICATION, DISTRIBUTION, ETC. |
| Place of publication, distribution, etc. |
Москва |
| 260 ## - PUBLICATION, DISTRIBUTION, ETC. |
| Name of publisher, distributor, etc. |
Финансы и статистика |
| 260 ## - PUBLICATION, DISTRIBUTION, ETC. |
| Date of publication, distribution, etc. |
1997 |
| 300 ## - PHYSICAL DESCRIPTION |
| Extent |
432 ст. ил. |
| 653 ## - INDEX TERM--UNCONTROLLED |
| Uncontrolled term |
статистика рынка товаров и услуг |
| 653 ## - INDEX TERM--UNCONTROLLED |
| Uncontrolled term |
Учебник |
| 942 ## - ADDED ENTRY ELEMENTS (KOHA) |
| Koha item type |
წიგნი |